[Event "X Sants Open"]
[Site "Barcelona ESP"]
[Date "2008.08.30"]
[Round "9"]
[White "Salgado Lopez,I"]
[Black "Leer Salvesen,B"]
[Result "1-0"]
[WhiteElo "2532"]
[BlackElo "2376"]

1.d4 d5 2.Nf3 c6 3.e3 Nf6 4.c4 e6 5.Nc3 Bd6 6.Be2 O-O 7.Qc2 Nbd7 8.O-O a6
9.Rd1 Qe7 10.e4 Nxe4 11.Nxe4 dxe4 12.Qxe4 e5 13.Bg5 f6 14.Bd3 g6 15.c5 Bc7
16.Bh6 Re8 17.Bc4+ Kh8 18.Re1 Nf8 19.dxe5 Bxe5 20.Nxe5 fxe5 21.Bf4 Nd7 22.Rad1 Qxc5
23.Bg5 Kg7 24.Qh4 h5 25.Bb3 e4 26.Bd2 Qf5 27.Bc3+ Kh6 28.f3 Nc5 29.Bc2 g5
30.Qf2 Be6 31.Qd4 Qf8 32.h4 Rad8 33.hxg5+ Kxg5 34.Qe3+ Kg6 35.fxe4 Rxd1 36.Rxd1  1-0

[Event "2nd Open"]
[Site "Urumia IRI"]
[Date "2008.08.30"]
[Round "8"]
[White "Mousavi,Sa"]
[Black "Azadbakhsh,F"]
[Result "1-0"]
[WhiteElo "2160"]
[BlackElo "1828"]

1.d4 d5 2.c4 c6 3.Nf3 Nf6 4.Nc3 e6 5.e3 Bd6 6.Bd3 O-O 7.O-O Nbd7 8.e4 dxe4
9.Nxe4 Nxe4 10.Bxe4 e5 11.Bc2 exd4 12.Qxd4 Nf6 13.Rd1 Be7 14.Qh4 Qb6 15.Bxh7+ Nxh7
16.Qxe7 Bg4 17.Qe4 Nf6 18.Qf4 Rfe8 19.Be3 c5 20.b3 Rad8 21.h3 Re4 22.Qg5 Bxf3
23.gxf3 Re6 24.Qxc5 Rxd1+ 25.Rxd1 Qa6 26.Rd8+ Kh7 27.Qf5+ g6 28.Qf4 Ng8 29.Qxf7+  1-0

[Event "6th Master Open"]
[Site "Amantea ITA"]
[Date "2008.08.31"]
[Round "1"]
[White "Maiorov,N1"]
[Black "Sabia,C"]
[Result "1-0"]
[WhiteElo "2535"]
[BlackElo "2205"]

1.d4 d5 2.c4 c6 3.Nc3 Nf6 4.e3 e6 5.Nf3 Nbd7 6.Qc2 Bd6 7.b3 O-O 8.Be2 a6
9.O-O e5 10.cxd5 cxd5 11.dxe5 Nxe5 12.Bb2 Be6 13.Rad1 Rc8 14.Qb1 Bb8 15.Qa1 Qc7
16.g3 Neg4 17.Bd3 Ba7 18.Ne2 Rfe8 19.Bd4 Bxd4 20.Qxd4 Ne4 21.Rc1 Qd7 22.Rxc8 Qxc8
23.Nf4 Ngf6 24.Qb2 Qc3 25.Qxc3 Nxc3 26.a3 Bg4 27.Nd4 Rc8 28.Rc1 Nce4 29.Rxc8+ Bxc8
30.Nxd5 Nxd5 31.Bxe4 Nc3 32.Bd3 Kf8 33.Kf1 h6 34.Ke1 Ke7 35.e4 Bd7 36.Kd2 Nb5
37.Nxb5 axb5 38.Kc3 Kd6 39.Kb4 Ke5 40.Bxb5 Bg4 41.Kc5 Kxe4 42.Bc4 Kf3 43.Bd5+ Kxf2
44.Bxb7 f5 45.a4 g5 46.a5 Be2 47.b4 f4 48.gxf4 gxf4 49.b5 Kg1 50.a6 f3 51.Bxf3 Bxf3
52.b6 Kxh2 53.b7 Bxb7 54.axb7  1-0

[Event "Open A"]
[Site "Graz SUI"]
[Date "2008.08.31"]
[Round "2"]
[White "Wiedermann,D"]
[Black "Meglitsch,K"]
[Result "1/2-1/2"]
[WhiteElo "2156"]
[BlackElo "1964"]

1.d4 d5 2.c4 c6 3.Nf3 Nf6 4.Nc3 e6 5.e3 Nbd7 6.Bd3 dxc4 7.Bxc4 b5 8.Bd3 Bb7
9.a3 a6 10.b4 a5 11.Rb1 Bd6 12.O-O axb4 13.axb4 Qe7 14.Bd2 e5 15.dxe5 Nxe5
16.Nxe5 Bxe5 17.Qc2 Bxh2+ 18.Kxh2 Qd6+ 19.f4  1/2-1/2

[Event "7th Open"]
[Site "Izmir TUR"]
[Date "2008.08.31"]
[Round "2"]
[White "Sanikidze,T"]
[Black "Hepsayar,M"]
[Result "1-0"]
[WhiteElo "2486"]
[BlackElo "1837"]

1.d4 d5 2.Nf3 Nf6 3.c4 e6 4.Nc3 c6 5.e3 Bd6 6.Bd3 O-O 7.O-O Nbd7 8.e4 dxe4
9.Nxe4 Nxe4 10.Bxe4 e5 11.dxe5 Nxe5 12.Nxe5 Bxe5 13.Bxh7+ Kxh7 14.Qh5+ Kg8
15.Qxe5 Be6 16.b3 Qd7 17.Re1 Rfe8 18.Bb2 f6 19.Qg3 Qf7 20.Rad1 Bf5 21.h3 Rad8
22.Kh2 Qg6 23.Qf4 Rxd1 24.Rxd1 Be4 25.f3 Bb1 26.Rd2 Bxa2 27.Bxf6 Bxb3 28.Bc3 Qf7
29.Qg4 Qc7+ 30.f4 Re7 31.Be5 Rxe5 32.Rd7 Re7 33.Rxc7 Rxc7 34.f5 Rf7 35.Qe4 a5
36.g4 a4 37.g5 a3 38.g6 Rf8 39.Qh4 Rxf5 40.Qh7+ Kf8 41.Qh8+ Ke7 42.Qxg7+ Ke6
43.Qxb7 a2 44.g7 Rg5 45.Qc8+ Ke7 46.Qf8+ Kd7 47.Qf7+ Kc8 48.g8=Q+ Rxg8 49.Qxg8+ Kc7
50.Qg7+ Kd6 51.h4 Bxc4 52.h5 Bd3 53.Kg3 c5 54.Kf4 c4 55.Qe5+ Kc6 56.Ke3 Kb6
57.Kd2 Kc6 58.Kc1 Kb6 59.Kb2 Bb1 60.h6 Kc6 61.Ka1 Kb6 62.Qg7 Kc5 63.h7 Bxh7
64.Qxh7 Kb4 65.Qc2 c3 66.Kxa2 Kc4 67.Ka3 Kd4 68.Kb3 Kd5  1-0

[Event "ch-ISL"]
[Site "Reykjavik ISL"]
[Date "2008.08.31"]
[Round "5"]
[White "Stefansson,H"]
[Black "Thorhallsson,T"]
[Result "1-0"]
[WhiteElo "2566"]
[BlackElo "2449"]

1.d4 d5 2.c4 c6 3.Nc3 Nf6 4.Nf3 e6 5.e3 Nbd7 6.Qc2 Bd6 7.g4 Bb4 8.Bd2 b6
9.cxd5 cxd5 10.Qa4 Bxc3 11.Bxc3 Bb7 12.Nd2 h6 13.Be2 O-O 14.h4 Nc5 15.dxc5 d4
16.c6 dxc3 17.bxc3 Bc8 18.g5 Nd5 19.Qd4 h5 20.Qe5 a5 21.Ne4 Ba6 22.Bxa6 Rxa6
23.Rd1 Qe8 24.c4 Ne7 25.Rd7 Nxc6 26.Qd6 Ne5 27.Qxe5 Qxd7 28.Nf6+ gxf6 29.gxf6 Qd3
30.Rg1+ Kh8 31.Rg5 Qb1+ 32.Ke2 Qc2+ 33.Kf3 Qd1+ 34.Kf4 Qc2 35.Rxh5+ Kg8 36.Kf3 Qd1+
37.Kg2 Qg4+ 38.Kh2  1-0

[Event "Amizade Open"]
[Site "Sao Paulo BRA"]
[Date "2008.08.31"]
[Round "9"]
[White "Vescovi,G"]
[Black "Prates,F"]
[Result "1-0"]
[WhiteElo "2631"]
[BlackElo "2293"]

1.d4 d5 2.c4 c6 3.Nf3 Nf6 4.Nc3 e6 5.e3 Nbd7 6.Bd3 Bd6 7.O-O O-O 8.e4 dxc4
9.Bxc4 e5 10.Bg5 exd4 11.Nxd4 h6 12.Bh4 Ne5 13.Be2 Ng6 14.Bg3 Nf4 15.Qc2 Nxe2+
16.Ndxe2 Bxg3 17.Nxg3 Be6 18.h3 Qa5 19.f4 Bc4 20.Rf3 Rad8 21.e5 Nd5 22.Nce4 Ba6
23.Nh5 Qb6+ 24.Kh2 Kh8 25.Nd6 f5 26.Rg3 Rd7 27.Nxf5 Nb4 28.Qb3 Rd3 29.Qe6 Rxg3
30.Nhxg3 c5 31.Qd7 Qg6 32.Rd1 Qf7 33.Qxf7 Rxf7 34.Rd8+ Kh7 35.e6  1-0

[Event "2nd Euwe Stimulans"]
[Site "Sao Paulo BRA"]
[Date "2008.08.31"]
[Round "9"]
[White "Zhao Zong Yuan"]
[Black "Matsuura,E"]
[Result "1/2-1/2"]
[WhiteElo "2561"]
[BlackElo "2463"]

1.Nf3 Nf6 2.c4 c6 3.d4 d5 4.Nc3 e6 5.e3 Nbd7 6.Bd3 dxc4 7.Bxc4 b5 8.Bd3 a6
9.e4 c5 10.d5 Qc7 11.O-O Bb7 12.Bc2 O-O-O 13.dxe6 Ne5 14.Qe2 Nxf3+ 15.Qxf3 fxe6
16.Qh3 Kb8 17.Bg5 Bd6 18.Rad1 h6 19.Bxf6 gxf6 20.Qxe6 Bxh2+ 21.Kh1 Be5 22.Nd5 Qd7
23.Qxd7 Rxd7 24.b3 Rhd8 25.g4 Bxd5 26.exd5 Rxd5 27.Rxd5 Rxd5 28.Rd1 Rxd1+
29.Bxd1 Kc7 30.Kg2 Kb6 31.Bf3 c4 32.bxc4 bxc4 33.Kf1 Kc5 34.Ke2 Kd4 35.Kd2 Bf4+
36.Kc2 Bg5 37.Bb7 a5 38.f3 Bf4 39.Bc6 Be5 40.Bb7 Ke3 41.Bc6 c3 42.Bb7 Kf4
43.Bc6 Kg5 44.Bb7 f5 45.Bc8  1/2-1/2

[Event "2nd Open"]
[Site "Urumia IRI"]
[Date "2008.08.31"]
[Round "10"]
[White "Bayramov,V"]
[Black "Samsam,F"]
[Result "1-0"]
[WhiteElo "2316"]
[BlackElo "2175"]

1.d4 d5 2.Nf3 Nf6 3.c4 e6 4.Nc3 c6 5.e3 Nbd7 6.Bd3 Bd6 7.O-O O-O 8.e4 dxe4
9.Nxe4 Nxe4 10.Bxe4 Nf6 11.Bc2 h6 12.Bd2 Qc7 13.Bc3 b5 14.c5 Be7 15.Qd3 Rd8
16.b4 a5 17.a3 Bf8 18.Ne5 axb4 19.axb4 Bb7 20.Ng4 Be7 21.d5 Rxa1 22.Bxa1 Rxd5
23.Nxf6+ Bxf6 24.Qh7+ Kf8 25.Bxf6 gxf6 26.Qxh6+ Ke7 27.h4 Qe5 28.g3 Bc8 29.Qg7 Bd7
30.Bg6 Be8 31.h5 Qg5 32.Ra1 Rd7 33.h6 Qe5 34.Rf1 Qe2 35.h7 Rd1 36.Rxd1 Qxd1+
37.Kg2 Qd5+ 38.Kh2 Qf3 39.Be4 Qxe4 40.h8=Q  1-0

[Event "1st Dragon Capital Vietnam Open"]
[Site "Vung Tau VIE"]
[Date "2008.08.31"]
[Round "8"]
[White "Dang Bich Ngoc"]
[Black "Huynh Mai Phuong Dung"]
[Result "0-1"]
[WhiteElo "2194"]
[BlackElo "2099"]

1.c4 e6 2.Nc3 d5 3.d4 c6 4.e3 Nf6 5.Nf3 Nbd7 6.Qc2 Bd6 7.g4 h6 8.Rg1 Qe7
9.h4 dxc4 10.Bxc4 Nb6 11.Be2 Bd7 12.e4 Bb4 13.g5 hxg5 14.hxg5 Ng8 15.a3 Bd6
16.e5 Bc7 17.Bd2 O-O-O 18.Rc1 Kb8 19.Ne4 Nd5 20.Qb3 Ka8 21.a4 Qf8 22.a5 Nge7
23.Nc5 Bc8 24.Qc4 Qe8 25.b4 a6 26.Ne4 Nf5 27.Nc5 Nfe7 28.Bd1 Rh3 29.Na4 Nf5
30.Nc3 Nfe7 31.Nxd5 exd5 32.Qe2 Bb8 33.Be3 Qh8 34.Nd2 Rh1 35.Rxh1 Qxh1+ 36.Qf1 Rh8
37.Bf3 Qxf1+ 38.Kxf1 Bc7 39.Ke2 Bd8 40.Nb3  0-1

[Event "6th Master Open"]
[Site "Amantea ITA"]
[Date "2008.09.01"]
[Round "2"]
[White "Naumkin,I"]
[Black "Ljubisavljevic,Z"]
[Result "1-0"]
[WhiteElo "2502"]
[BlackElo "2261"]

1.d4 d5 2.c4 e6 3.Nf3 Nf6 4.Nc3 c6 5.e3 Ne4 6.Bd3 f5 7.Ne5 g6 8.O-O Nd7 9.cxd5 Nxe5
10.dxe5 exd5 11.Bxe4 fxe4 12.f3 Bg7 13.fxe4 Bxe5 14.Qf3 Be6 15.exd5 cxd5
16.e4 d4 17.Nd5 Qd6 18.Bg5 Rf8 19.Nf6+ Bxf6 20.Bxf6 Bc4 21.e5 Qc6 22.Qa3 Rf7
23.Rac1 Qe6 24.Rf4 Rd8 25.Qxa7 Rxf6 26.Rxf6 Qxe5 27.Rf3 Be2 28.Re1 Qb5 29.a4 Qc4
30.Qxb7  1-0

[Event "17th CRO-chT 1a"]
[Site "Sibenik CRO"]
[Date "2008.09.01"]
[Round "5"]
[White "Sokolov,Iv NED"]
[Black "Erdos,V"]
[Result "1/2-1/2"]
[WhiteElo "2658"]
[BlackElo "2576"]

1.d4 d5 2.c4 e6 3.Nf3 Nf6 4.Nc3 c6 5.e3 Nbd7 6.Bd3 dxc4 7.Bxc4 b5 8.Bd3 Bd6
9.O-O O-O 10.a3 Bb7 11.Qc2 a5 12.e4 e5 13.dxe5 Nxe5 14.Nxe5 Bxe5 15.h3 Re8
16.Be3 Qc7 17.f3 Rad8 18.Rad1 Nh5 19.Ne2 Nf4 20.Nxf4 Bxf4 21.Bf2 a4 22.e5 Bxe5
23.Bxh7+ Kh8 24.Be4 c5 25.Bxb7 Qxb7 26.Qxc5 Rc8 27.Qb4 Rc4 28.Qd2 Bf6 29.Rfe1 Rec8
30.Re2 Qc6 31.Qe1 Kg8 32.Red2 Rc2 33.Bd4 Re8 34.Qf2 Rxd2 35.Rxd2 Qc1+ 36.Kh2 Rd8
37.Bxf6 Rxd2 38.Qg3 Rxg2+ 39.Kxg2 Qc2+ 40.Kh1 Qd1+ 41.Kh2 Qd2+ 42.Kg1 Qd1+
43.Kg2 Qc2+  1/2-1/2

[Event "17th CRO-chT 1a"]
[Site "Sibenik CRO"]
[Date "2008.09.01"]
[Round "5"]
[White "Gonda,L"]
[Black "Pavasovic,D"]
[Result "1/2-1/2"]
[WhiteElo "2501"]
[BlackElo "2597"]

1.d4 d5 2.c4 e6 3.Nc3 c6 4.e3 Nf6 5.Nf3 Nbd7 6.Qc2 Bd6 7.b3 O-O 8.Be2 b6
9.O-O Bb7 10.Bb2 Qe7 11.Rfe1 Rfe8 12.e4 Nxe4 13.Nxe4 dxe4 14.Qxe4 Nf6 15.Qc2 Ba3
16.Bxa3 Qxa3 17.Ne5 c5 18.Bf3 Bxf3 19.Nxf3 cxd4 20.Rad1 Qc5 21.Nxd4 Rad8
22.Nf3 Rxd1 23.Qxd1 Qc7  1/2-1/2

[Event "TCh-SRB 1st League"]
[Site "Subotica SRB"]
[Date "2008.09.01"]
[Round "1"]
[White "Blagojevic,Dr"]
[Black "Todorovic,GM"]
[Result "1/2-1/2"]
[WhiteElo "2519"]
[BlackElo "2479"]

1.d4 d5 2.c4 c6 3.e3 Nf6 4.Nc3 e6 5.Nf3 Nbd7 6.Bd3 dxc4 7.Bxc4 b5 8.Be2 Bb7
9.O-O a6 10.e4 c5 11.e5 Nd5 12.a4 b4 13.Ne4 Qc7 14.a5 h6 15.Qd3 Be7 16.Bd2 O-O
17.Rfc1 Rfc8 18.Ne1 Qd8 19.Qg3 Kh8  1/2-1/2

[Event "Masters"]
[Site "Trieste ITA"]
[Date "2008.09.02"]
[Round "4"]
[White "Bosiocic,Mari"]
[Black "Erdos,V"]
[Result "1/2-1/2"]
[WhiteElo "2540"]
[BlackElo "2576"]

1.d4 d5 2.c4 e6 3.Nc3 c6 4.e3 Nf6 5.Nf3 a6 6.a3 Nbd7 7.Qc2 dxc4 8.Bxc4 b5
9.Ba2 c5 10.d5 exd5 11.Bxd5 Nxd5 12.Nxd5 Bb7 13.e4 Bxd5 14.exd5  1/2-1/2

[Event "Open A"]
[Site "Graz SUI"]
[Date "2008.09.03"]
[Round "5"]
[White "Zoebisch,H"]
[Black "Kreisl,R"]
[Result "0-1"]
[WhiteElo "2133"]
[BlackElo "2337"]

1.d4 d5 2.c4 c6 3.Nf3 Nf6 4.Nc3 e6 5.e3 Nbd7 6.Bd3 dxc4 7.Bxc4 b5 8.Bd3 Bd6
9.Ne4 Nxe4 10.Bxe4 Bb7 11.O-O a6 12.b3 Nf6 13.Bd3 c5 14.Bb2 Rc8 15.Rc1 O-O
16.Qe2 cxd4 17.Nxd4 Rxc1 18.Rxc1 Qa8 19.f3 Rc8 20.Rxc8+ Qxc8 21.Qc2 Qb8 22.f4 h6
23.Nc6 Qc7 24.Ne5 Qxc2 25.Bxc2 Bc5 26.Bd4 Bxd4 27.exd4 Be4 28.Bxe4 Nxe4 29.Nd3 Nc3
30.Nb4 a5 31.Nc6 a4 32.bxa4 bxa4 33.Nb4 Ne2+ 34.Kf2 Nxf4 35.g3 Nd5 36.Nxd5 exd5
37.Ke3 g5 38.g4 Kg7  0-1

[Event "USCL 2008"]
[Site "ICC INT"]
[Date "2008.09.03"]
[Round "2"]
[White "Yeager,D"]
[Black "Kaufman,R"]
[Result "1-0"]
[WhiteElo "2335"]
[BlackElo "2360"]

1.d4 d5 2.c4 c6 3.Nc3 Nf6 4.e3 e6 5.Nf3 a6 6.b3 Bb4 7.Bd2 Nbd7 8.Bd3 O-O
9.O-O Bd6 10.e4 dxc4 11.bxc4 e5 12.d5 cxd5 13.cxd5 Nc5 14.Bc2 b5 15.Re1 Nfd7
16.Ne2 Nb6 17.Ng3 Re8 18.Bg5 f6 19.Bc1 Bd7 20.h4 Bg4 21.Qd2 Nc4 22.Qc3 Rc8
23.Nh2 Bd7 24.Qf3 Qa5 25.Rd1 Na4 26.Bxa4 Qxa4 27.Qb3 Qa5 28.Qf3 Bc5 29.Nf5 Bxf5
30.Qxf5 Qc3 31.Bh6 gxh6 32.Ng4 Rf8 33.Nxf6+ Kg7 34.Nh5+ Kh8 35.Qd7 Rg8 36.Nf6 Bxf2+
37.Kh1  1-0

[Event "61st ch-RUS HL"]
[Site "Novokuznetsk RUS"]
[Date "2008.09.03"]
[Round "1"]
[White "Rustemov,A"]
[Black "Lastin,A"]
[Result "0-1"]
[WhiteElo "2547"]
[BlackElo "2639"]

1.d4 d5 2.c4 c6 3.Nc3 Nf6 4.e3 e6 5.Nf3 Nbd7 6.Qc2 Bd6 7.g4 h6 8.h3 a6 9.Bd2 dxc4
10.Bxc4 b5 11.Be2 c5 12.Ne4 Nxe4 13.Qxe4 Ra7 14.Rd1 Bb7 15.Qd3 Qa8 16.dxc5 Bxc5
17.Bc3 Be4 18.Qd2 Bxf3 19.Bxg7 Rg8  0-1

[Event "Masters"]
[Site "Trieste ITA"]
[Date "2008.09.03"]
[Round "5"]
[White "Basagic,Z"]
[Black "Znidarcic,A"]
[Result "1-0"]
[WhiteElo "2337"]
[BlackElo "2218"]

1.d4 d5 2.c4 e6 3.Nc3 c6 4.e3 Nf6 5.Nf3 Bd6 6.Qc2 Nbd7 7.Be2 O-O 8.O-O e5
9.cxd5 cxd5 10.dxe5 Nxe5 11.h3 Be6 12.Nb5 Rc8 13.Qa4 Nxf3+ 14.Bxf3 Bb8 15.Qh4 Bf5
16.Nd4 Be4 17.Rd1 Rc4 18.b3 Rxd4 19.exd4 Qc7 20.Qg3 Qc2 21.Bf4 Bxf4 22.Qxf4 Bg6
23.Qd2 Qc7 24.Rac1 Qd7 25.Qf4  1-0

[Event "6th Master Open"]
[Site "Amantea ITA"]
[Date "2008.09.04"]
[Round "6"]
[White "Spassov,L"]
[Black "Fascetti,A"]
[Result "1/2-1/2"]
[WhiteElo "2428"]
[BlackElo "2089"]

1.d4 d5 2.c4 e6 3.Nc3 c6 4.e3 Nf6 5.Nf3 Nbd7 6.Qc2 Bd6 7.b3 O-O 8.Be2 b6
9.O-O Bb7 10.Bb2 Qe7 11.Rad1 Rac8 12.Bd3 c5 13.cxd5 exd5 14.Qe2 Ne4 15.Ba6 cxd4
16.Bxb7 Nxc3 17.Bxc3 Rxc3 18.Nxd4 Nf6 19.Ba6 Qe5 20.g3 Ne4 21.Bd3 Rcc8 22.Bxe4 dxe4
23.Nb5 Bb8 24.Rc1 h5 25.Nd4 g6 26.h4 Qd5 27.Qa6 Qd7 28.Rfd1 Qg4 29.Qe2 Qxe2
30.Nxe2 Be5 31.Rxc8 Rxc8 32.Rd5  1/2-1/2

[Event "WCh-Women"]
[Site "Nalchik RUS"]
[Date "2008.09.04"]
[Round "3.1"]
[White "Matveeva,S"]
[Black "Ushenina,A"]
[Result "0-1"]
[WhiteElo "2412"]
[BlackElo "2476"]

1.d4 d5 2.c4 c6 3.Nc3 Nf6 4.e3 e6 5.Nf3 a6 6.b3 Bb4 7.Bd2 O-O 8.Bd3 Nbd7
9.O-O Bd6 10.e4 dxc4 11.bxc4 e5 12.d5 Nc5 13.Bc2 Bg4 14.h3 Bh5 15.Qe2 h6
16.g4 Bg6 17.Rac1 cxd5 18.cxd5 b5 19.a3 Rc8 20.Ne1 Qb6 21.Ng2 Ncd7 22.Nb1 Qd4
23.Rfe1 Nxd5 24.Nh4 N5f6 25.Nxg6 fxg6 26.Bb3+ Kh7 27.Be3 Qxe4 28.Nc3 Qb7
29.a4 b4 30.Nb1 Nc5 31.Bc4 Nfe4 32.Red1 Qe7 33.Bxa6 Ra8 34.Bb5 Nxa4 35.Bxa4 Rxa4
36.Qc2 b3 37.Qxb3 Rb4 38.Qc2 Qh4 39.Kg2 Be7 40.f3 Qg3+  0-1

[Event "TCh-ESP Hon Gp2"]
[Site "Sabadell ESP"]
[Date "2008.09.04"]
[Round "2"]
[White "Bernal Moro,L"]
[Black "Gomez Jurado,L"]
[Result "0-1"]
[WhiteElo "2424"]
[BlackElo "2299"]

1.Nf3 Nf6 2.c4 e6 3.Nc3 d5 4.d4 c6 5.e3 Nbd7 6.Bd3 dxc4 7.Bxc4 b5 8.Bd3 Bb7
9.e4 b4 10.Na4 Qa5 11.O-O c5 12.Re1 cxd4 13.Nxd4 a6 14.b3 Rd8 15.Bb2 Nc5
16.e5 Nxa4 17.bxa4 Qd5 18.Bf1 Ne4 19.Nb3 Bc5 20.Rxe4 Qxd1 21.Rxd1 Rxd1 22.Nxc5 Bxe4
23.Nxe4 Ke7 24.Nd6 Ra8 25.g3 f6 26.Kg2 fxe5 27.Nc4 Rc8 28.Ne3 Rd2 29.Bxe5 Rxa2
30.Bxa6 Rf8 31.Bxg7 Rfxf2+ 32.Kh3 h5 33.Kh4 Rf3 34.Bd4 Rxh2+ 35.Kg5 Rxg3+
36.Kh6 b3 37.Nc4 Rg4 38.Bh8 Ra2 39.Bb5 h4 40.Kh5 Rxc4 41.Bxc4 h3  0-1

[Event "17th CRO-chT 1a"]
[Site "Sibenik CRO"]
[Date "2008.09.04"]
[Round "8"]
[White "Cvitan,O"]
[Black "Pavasovic,D"]
[Result "1/2-1/2"]
[WhiteElo "2541"]
[BlackElo "2597"]

1.d4 d5 2.c4 e6 3.Nc3 c6 4.e3 Nf6 5.Nf3 Nbd7 6.Qc2 Bd6 7.Bd3 O-O 8.O-O dxc4
9.Bxc4 a6 10.Rd1 b5 11.Be2  1/2-1/2

[Event "17th CRO-chT 1a"]
[Site "Sibenik CRO"]
[Date "2008.09.04"]
[Round "8"]
[White "Mihalcisin,A"]
[Black "Gonda,L"]
[Result "1/2-1/2"]
[WhiteElo "2529"]
[BlackElo "2501"]

1.d4 d5 2.c4 c6 3.Nc3 Nf6 4.e3 e6 5.Nf3 a6 6.b3 Bb4 7.Bd2 Nbd7 8.Bd3 Qe7
9.O-O O-O 10.Qc2 h6 11.Ne5 Nxe5 12.dxe5 Nd7 13.f4 f6 14.exf6 Nxf6 15.Kh1 Rd8
16.Rad1 b5 17.Be1 Ng4 18.Qe2 e5 19.cxd5 cxd5 20.h3 Nf6 21.e4 Bb7 22.Nxd5 Bxd5
23.fxe5 Qxe5 24.Rf5 Qe6 25.exd5 Qxe2 26.Bxe2 Bxe1 27.Rxe1 Rac8 28.a4 Rc5
29.axb5 axb5 30.Rd1 Kf8 31.Kg1 Rd6 32.Re5 Rc3 33.Bxb5 Rxb3 34.Bc6 Rb8 35.Ra1 Rbd8
36.Ra5 Nd7 37.Rf5+ Rf6 38.Bxd7 Rxd7 39.Rxf6+ gxf6 40.Kf2 Rb7 41.Ke3 Rb2 42.Kf3 Ke7
43.h4 h5 44.g3 Rb4 45.Ra7+ Kd6 46.Ra6+ Ke5 47.Re6+ Kf5 48.Re8 Rd4 49.Rh8 Rd3+
50.Kg2 Rd2+ 51.Kh3 Kg6 52.Rd8 Kg7 53.Rd7+ Kg6 54.d6 Kh6 55.Rd8 Kh7 56.Rd7+ Kh6  1/2-1/2

[Event "TCh-SRB 1st League"]
[Site "Subotica SRB"]
[Date "2008.09.04"]
[Round "4"]
[White "Drasko,M"]
[Black "Ivanovic,B"]
[Result "1/2-1/2"]
[WhiteElo "2508"]
[BlackElo "2436"]

1.d4 d5 2.c4 c6 3.e3 Nf6 4.Nc3 e6 5.Nf3 Nbd7 6.Qc2 Bd6 7.b3 O-O 8.Be2 Qe7
9.O-O dxc4 10.bxc4 e5 11.Rd1 Re8 12.a4 e4 13.Nd2 Nf8 14.Qa2 Qc7 15.h3 Qa5
16.c5 Bb8 17.Nc4 Qd8 18.Ba3 Be6 19.Qb2 Qd7 20.Bf1 Bc7 21.Nd6  1/2-1/2

[Event "2nd Circuit Europe-Echecs"]
[Site "Chalons FRA"]
[Date "2008.09.05"]
[Round "11"]
[White "Cossin,S"]
[Black "Guilleux,F"]
[Result "1/2-1/2"]
[WhiteElo "2466"]
[BlackElo "2397"]

1.d4 d5 2.c4 e6 3.Nf3 Nf6 4.Nc3 c6 5.e3 Nbd7 6.Qc2 Bd6 7.Bd2 dxc4 8.Bxc4 e5
9.O-O-O Qe7 10.Ng5 O-O 11.f4 exd4 12.exd4 Nb6 13.Bd3 h6 14.Nge4 Nxe4 15.Nxe4 Bf5
16.Rde1 Bxe4 17.Rxe4 Qd7 18.f5 Nd5 19.g4 Rfe8 20.h4 Rxe4 21.Bxe4 Re8 22.g5 hxg5
23.hxg5 Qe7 24.Bd3 Bf4 25.Kb1 Qxg5 26.Bxf4 Nxf4 27.Qh2 Qh6 28.Qg1 Qf6 29.Qh2 Qh6
30.Qg1 Qf6 31.Qh2 Qh6 32.Qg1  1/2-1/2

[Event "7th Open"]
[Site "Izmir TUR"]
[Date "2008.09.05"]
[Round "8"]
[White "Sanikidze,T"]
[Black "Gurevich,M"]
[Result "1/2-1/2"]
[WhiteElo "2486"]
[BlackElo "1966"]

1.d4 d5 2.c4 c6 3.Nf3 Nf6 4.Nc3 e6 5.e3 a6 6.b3 Bb4 7.Bd2 Nbd7 8.Bd3 O-O
9.O-O Bd6 10.Qc2 h6 11.Rad1 e5 12.cxd5 cxd5 13.e4 dxe4 14.Nxe4 Nxe4 15.Bxe4 exd4
16.Nxd4 Nf6 17.Nf5 Nxe4 18.Qxe4 Re8 19.Qf3 Bxf5 20.Qxf5 Qc7 21.g3 Qc6 22.Rc1 Qb5
23.Qxb5 axb5 24.Ra1 Bf8  1/2-1/2

[Event "IX GM"]
[Site "Banja Luka BIH"]
[Date "2008.09.06"]
[Round "7"]
[White "Volkov,Sergey1"]
[Black "Jakovljevic,Vlado"]
[Result "1-0"]
[WhiteElo "2636"]
[BlackElo "2442"]

1.d4 d5 2.c4 c6 3.Nc3 Nf6 4.e3 e6 5.Nf3 a6 6.a3 Nbd7 7.b3 Bd6 8.Bb2 O-O 9.Be2 dxc4
10.bxc4 c5 11.O-O cxd4 12.exd4 b6 13.a4 e5 14.dxe5 Nxe5 15.Nd5 Nxd5 16.Qxd5 Be6
17.Qd4 f6 18.a5 Rb8 19.Nxe5 fxe5 20.Qe3 Qc7 21.Rad1 e4 22.Rxd6 Qxd6 23.Ba3 Qc7
24.Bxf8 Kxf8 25.Qxe4 Bf7 26.Qxh7 bxa5 27.Qh8+ Bg8 28.Qh3 Qc5 29.Qe3 Rc8 30.Bg4 Rc7
31.Qf3+ Bf7 32.Be6 Kg8 33.Bxf7+ Rxf7 34.Qa8+ Kh7 35.Qxa6 Rf4 36.Qb5 Rxc4
37.Qxc5 Rxc5 38.Ra1 a4 39.Kf1 Ra5 40.Ra3 Kg6 41.Ke2 Kf5 42.Kd3 Ra8 43.h3 g5
44.Kc4 g4 45.hxg4+ Kxg4 46.Kb5 Rb8+ 47.Kxa4 Rb2 48.Rf3 Kh4 49.Ka3 Rb1 50.Ka2 Rg1
51.Rh3+ Kg4 52.Rg3+ Kf4 53.Kb2 Ke4 54.Kc2 Ra1 55.Rg4+ Kf5 56.f3 Re1 57.Kd2 Re8
58.g3 Re7 59.Rf4+ Kg5 60.Re4  1-0

[Event "TCh-ESP Hon Gp1"]
[Site "Cala Mayor ESP"]
[Date "2008.09.06"]
[Round "4"]
[White "Gomez Esteban,J"]
[Black "Perez Candelario,Man"]
[Result "1/2-1/2"]
[WhiteElo "2503"]
[BlackElo "2537"]

1.d4 d5 2.c4 e6 3.Nc3 c6 4.e3 Nf6 5.Nf3 Nbd7 6.Qc2 Bd6 7.b3 O-O 8.Be2 b6
9.O-O Bb7 10.Bb2 Qe7 11.Rad1 Rad8 12.e4 Nxe4 13.Nxe4 dxe4 14.Qxe4 Nf6 15.Qh4 c5
16.dxc5 Bxc5 17.Bd3  1/2-1/2

[Event "SuperLiga-ROM"]
[Site "Eforie Nord ROM"]
[Date "2008.09.06"]
[Round "6"]
[White "Kruppa,Y"]
[Black "Balogh,C"]
[Result "1/2-1/2"]
[WhiteElo "2547"]
[BlackElo "2624"]

1.d4 d5 2.c4 c6 3.Nc3 Nf6 4.e3 e6 5.Nf3 Nbd7 6.Bd3 dxc4 7.Bxc4 b5 8.Bd3 b4
9.Ne4 Nxe4 10.Bxe4 Bb7 11.O-O Bd6 12.Nd2 Qc7 13.h3 c5 14.Bxb7 Qxb7 15.Nc4 Be7
16.b3  1/2-1/2

[Event "Open A"]
[Site "Graz SUI"]
[Date "2008.09.06"]
[Round "8"]
[White "Wiedermann,D"]
[Black "Teuschler,H"]
[Result "1/2-1/2"]
[WhiteElo "2156"]
[BlackElo "2088"]

1.d4 d5 2.c4 e6 3.Nc3 Nf6 4.Nf3 c6 5.e3 Nbd7 6.Qc2 Bd6 7.Be2 dxc4 8.Bxc4 b5
9.Bd3 Bb7 10.e4 e5 11.O-O O-O 12.dxe5 Nxe5 13.Nxe5 Bxe5 14.h3 a6 15.Be3 Re8
16.Ne2 c5 17.Bxc5 Bxe4 18.Rad1 Qc7 19.b4 Rad8 20.Bxe4 Nxe4 21.Rxd8 Qxd8 22.Rd1  1/2-1/2

[Event "DMP Ekstraliga"]
[Site "Karpacz POL"]
[Date "2008.09.06"]
[Round "1"]
[White "Gajewski,G"]
[Black "Kempinski,R"]
[Result "1-0"]
[WhiteElo "2575"]
[BlackElo "2613"]

1.d4 Nf6 2.c4 e6 3.Nc3 d5 4.Nf3 c6 5.e3 a6 6.b3 Bb4 7.Bd2 O-O 8.Bd3 Nbd7
9.O-O Bd6 10.Rc1 h6 11.h3 Re8 12.e4 dxc4 13.bxc4 e5 14.c5 Bc7 15.Be3 exd4
16.Bxd4 Nh5 17.e5 Nf4 18.Bc4 b6 19.Qb3 Ne6 20.cxb6 Nxb6 21.Bxb6 Bxb6 22.Rfd1 Qc7
23.Ne4 Qa7 24.Qc2 Re7 25.Nf6+ gxf6 26.exf6 Re8 27.Ne5 Qc7 28.Qf5 Nf8 29.Qh5 Bxf2+
30.Kh1 Be3 31.Bxf7+  1-0

[Event "61st ch-RUS HL"]
[Site "Novokuznetsk RUS"]
[Date "2008.09.06"]
[Round "4"]
[White "Shomoev,A"]
[Black "Kobalia,M"]
[Result "1/2-1/2"]
[WhiteElo "2566"]
[BlackElo "2618"]

1.d4 d5 2.c4 c6 3.Nc3 Nf6 4.e3 e6 5.Nf3 Nbd7 6.Bd3 dxc4 7.Bxc4 b5 8.Bd3 Bd6
9.O-O O-O 10.Ne2 e5 11.e4 Re8 12.Bg5 Bb7 13.Qc2 Qc7 14.dxe5 Nxe5 15.Bxf6 Nxf3+
16.gxf3 gxf6 17.Kh1 Kh8 18.Rg1 Rg8 19.Ng3 Rg6 20.a4 a6 21.e5 Bxe5 22.Bxg6 hxg6
23.Kg2 c5 24.axb5 axb5 25.Rxa8+ Bxa8 26.Rd1 Kg7 27.b3 f5 28.h4 c4 29.bxc4 bxc4
30.h5 Qc6 31.Qe2 Bf6 32.hxg6 fxg6 33.Qe3 c3 34.Ne2 c2 35.Rc1 g5 36.Nd4 Bxd4
37.Qxd4+ Kg6 38.Qd3 g4 39.Rxc2 Qxf3+ 40.Qxf3 Bxf3+ 41.Kg3 Kg5 42.Rc8 f4+
43.Kh2 Kf5 44.Rg8 Bd5 45.Rg7 Bf3 46.Kg1 Ke5  1/2-1/2

[Event "5th LGA Premium Cup"]
[Site "Nuernberg GER"]
[Date "2008.09.06"]
[Round "4"]
[White "Zuehlke,B"]
[Black "Perner,W"]
[Result "1-0"]
[WhiteElo "2097"]
[BlackElo "1914"]

1.d4 d5 2.c4 c6 3.Nf3 Nf6 4.Nc3 e6 5.e3 Nbd7 6.Bd3 dxc4 7.Bxc4 b5 8.Bd3 a6
9.e4 c5 10.e5 cxd4 11.Nxb5 axb5 12.exf6 e5 13.fxg7 Bxg7 14.Ng5 h6 15.Nxf7  1-0

[Event "5th LGA Premium Cup"]
[Site "Nuernberg GER"]
[Date "2008.09.06"]
[Round "4"]
[White "Baramidze,D"]
[Black "Zude,E"]
[Result "1-0"]
[WhiteElo "2593"]
[BlackElo "2397"]

1.Nf3 d5 2.c4 c6 3.e3 Nf6 4.Nc3 e6 5.d4 Nbd7 6.Bd3 dxc4 7.Bxc4 b5 8.Bd3 a6
9.e4 c5 10.d5 c4 11.Bc2 Qc7 12.dxe6 fxe6 13.O-O Bd6 14.Nd4 Nc5 15.f4 Nd3
16.Bxd3 cxd3 17.e5 Bc5 18.Qxd3 Qb6 19.Rd1 Ng4 20.Ne4 Bb7 21.Nxc5 Qxc5 22.b4 Qd5
23.Qe2 h5 24.h3 Nh6 25.f5  1-0

[Event "5th LGA Premium Cup"]
[Site "Nuernberg GER"]
[Date "2008.09.06"]
[Round "4"]
[White "Braun,A"]
[Black "Bromberger,S"]
[Result "1/2-1/2"]
[WhiteElo "2533"]
[BlackElo "2490"]

1.d4 d5 2.c4 c6 3.Nf3 Nf6 4.Nc3 e6 5.e3 Nbd7 6.Qc2 Bd6 7.Bd3 O-O 8.O-O Qe7
9.Re1 dxc4 10.Bxc4 a6 11.a3 b5 12.Ba2 Bb7 13.e4 e5 14.h3 c5 15.dxc5  1/2-1/2

[Event "5th LGA Premium Cup"]
[Site "Nuernberg GER"]
[Date "2008.09.06"]
[Round "5"]
[White "Naumann,A"]
[Black "Baramidze,D"]
[Result "1/2-1/2"]
[WhiteElo "2502"]
[BlackElo "2593"]

1.d4 d5 2.c4 c6 3.Nf3 Nf6 4.Nc3 e6 5.e3 Nbd7 6.Bd3 dxc4 7.Bxc4 b5 8.Bd3 Bb7
9.a3 b4 10.Ne4 Nxe4 11.Bxe4 bxa3 12.O-O Bd6 13.b3 Nf6 14.Bd3 c5 15.Bb5+ Ke7
16.Bxa3 cxd4 17.Nxd4 Bxa3 18.Rxa3 Qb6  1/2-1/2